Praktická škola personalistiky humanizácia riadiacej činnosti

Technokratimus a sebauspokojenie z funkcie. Humanizácia riadiacej činnosti. Sociologizácia riadiacej činnosti. Psychologizácia riadiacej činnosti. Autokratické riadenie.

Guardado en:
Detalles Bibliográficos
Autor principal: Tóth, Rastislav
Otros Autores: Lubelec, Libor
Formato: Libro
Lenguaje:eslovaco
Materias:
Etiquetas: Agregar Etiqueta
Sin Etiquetas, Sea el primero en etiquetar este registro!

MARC

LEADER 00000nam a2200000 4500
001 r031861
005 20230425123950.8
041 0 |a slo 
044 |a SK 
245 1 0 |a Praktická škola personalistiky  |b humanizácia riadiacej činnosti  |c Rastislav Tóth, Libor Lubelec 
520 |a Technokratimus a sebauspokojenie z funkcie. Humanizácia riadiacej činnosti. Sociologizácia riadiacej činnosti. Psychologizácia riadiacej činnosti. Autokratické riadenie. 
610 2 0 |a personalistika 
610 2 0 |a technokratizmus 
610 2 0 |a pracovníci riadiaci 
610 2 0 |a humanizácia práce 
610 2 0 |a riadenie 
610 2 0 |a psychológia riadenia 
610 2 0 |a sociológia 
610 2 0 |a manažéri 
100 1 |a Tóth, Rastislav 
700 1 |a Lubelec, Libor